000 03580cam a2200601 4500500
005 20251228052025.0
041 _afre
042 _adc
100 1 0 _aLegrand, Hervé
_eauthor
245 0 0 _aLes dimensions systémiques de la crise des abus dans l’Église catholique et la réforme de l’ecclésiologie courante
260 _c2021.
500 _a28
520 _aDans la gestion peu évangélique des délits sexuels, commis par des clercs, l’ecclésiologie catholique courante a montré des faiblesses systémiques, qu’illustre particulièrement l’usage de la dichotomie « sacerdoce et laïcat » dans la forme qu’a favorisée le tridentinisme. Ce dernier a compris l’ordination moins comme accès au pastorat d’une Eglise et plus comme une dotation personnelle de pouvoirs sacramentels, sans liens nécessaires avec une Église locale. Ce modèle connaît sa fin en Occident, malgré son exaltation récente, conjuguée à celle des nouveaux mouvements. Le renouveau passerait par une plus grande responsabilisation des diocèses et de leurs évêques, allant de pair avec une synodalité effective, un statut renouvelé du clergé et une révision de la théologie de la vocation aux ministères ordonnés, dans le sens rappelé par saint Pie X.
520 _aIn the scarcely evangelical management of sexual offenses committed by clerics, current Catholic ecclesiology has shown systemic weaknesses, which are particularly illustrated by the dichotomy of the « priesthood and laity » in the form favored by Tridentinism. In this framework ordination was understood less as access to the pastorship of a church than as a personal endowment of sacramental powers, lacking any necessary connection to a local church. This model now meets its end in the West, in spite of its recent exaltation, associated with that of the new religious movements. Such a renewal would involve the conferral of greater responsibility upon dioceses and their bishops, and would go hand in hand with an effective synodality, a renewed status of renewal of the clergy, and of a theology of vocation to the ordained ministries, in the sense called for by Saint Pius X.
690 _aabus sexuels
690 _acentralisation romaine
690 _acléricalisme
690 _aecclésiologie
690 _aÉglise locale
690 _aépiscopat
690 _ain persona Christi
690 _aordination
690 _apastorat
690 _apouvoirs sacramentels
690 _apresbytérat
690 _aréforme
690 _asacerdotalisation de l’ordination
690 _asexualité
690 _astatut des clercs
690 _asynodalité
690 _aTertullien
690 _avocation aux ministères ordonnés
690 _aclerical status
690 _aclericalism
690 _aecclesiology
690 _aepiscopacy
690 _ain persona Christi
690 _aLocal Church
690 _aordination
690 _apastorate
690 _apresbyterate
690 _areform
690 _aRoman centralisation
690 _asacerdotalisation of ordination
690 _asacramental powers
690 _asexuality
690 _asexuel abuse
690 _asynodality
690 _aTertullian
690 _avocation to ordained ministries
786 0 _nRevue des sciences philosophiques et théologiques | Tome 104 | 3 | 2021-10-13 | p. 551-587 | 0035-2209
856 4 1 _uhttps://shs.cairn.info/revue-des-sciences-philosophiques-et-theologiques-2020-3-page-551?lang=fr&redirect-ssocas=7080
999 _c1582660
_d1582660